000 00978nas a2200349 4500
001 BR0602805
003 BR-BrBNA
005 20231205110054.0
007 ta
008 230509b bl.|||p| |||| 00| 00por d
040 _aBR-BrBNA
_bpor
_cBiblioteca Nacional de Agricultura
041 _a(Pt)
072 _aQ02; Q04
100 1 _aCosta, F. da
100 1 _aFerreira, J.M.
100 1 _aSaliba, E. de O.S.
100 1 _aBorges, I.
100 1 _aPerez, J.R.O.
100 1 _aPilar, R.
100 1 _aSilva, T.J.P. da
245 1 _aEfeito do peso de abate no perfil de ácidos graxos da gordura de cordeiros
650 _aOVINO
650 _aÁCIDO GRAXO
650 _aABATE
650 _aPESO
650 _aIDADE
650 _aÁCIDO LINOLEICO
650 _aCROMATOGRAFIA GASOSA
773 0 _tHigiene Alimentar (Brazil)
_xISSN 0101-9171
_g(May-Jun 2006), v. 20(141) p. 69-74
_wBR0602805
909 _a202311
_bLúcia
_c55
_dLúcia Elande
942 _2AGRIS
_n0
_cANA
999 _c186086
_d186086